000 00915nam a2200301Ia 4500
001 92081
003 IT-RoPAU
008 130308s9999 xx 000 0 und d
040 _aIT-RoPAU
040 _cIT-RoPAU
041 _aFRANCESE
100 _aRichaudeau Francois
100 _gCodice Aut. SPICS: 2061
245 _aTexte le plus efficace que je connaisse (Le)
245 _bRecherches Actuelles Sur la Lisibilite'
250 _a1a ed.
260 _aPARIS
260 _bRetz
260 _c1984 [1° Ed.:1984 - Ed.Ling.Originale:1984]
300 _a"19 p. (prefazione: no ; testo: 19 [pagine: 108-126])"
500 _aEfficacia della Scrittura di un testo Leggibilità Primo Fattore di Efficacia Formule di Leggibilità Alain e Proust Come Modello
650 _aSAGGI DI LINGUISTICA
650 _eCodice materia Spics: 3207
942 _cBK
957 _71
999 _c40394
_d40394
999 _bSI
999 _g1